[Event "Mechanics' Winter TNM; G/2"]
[Site "San Francisco"]
[Date "2017.01.03"]
[Round "1.18"]
[White "Clemens, Kristian"]
[Black "Robertson, Terrance"]
[Result "1-0"]
[WhiteElo "1898"]
[BlackElo "1380"]
[PlyCount "55"]
[EventDate "2017.??.??"]

1. c4 e6 2. Nc3 d5 3. g3 Nf6 4. Bg2 Be7 5. d4 O-O 6. Bg5 h6 7. Bxf6 Bxf6 8.
cxd5 exd5 9. Nxd5 Nc6 10. Nxf6+ Qxf6 11. e3 Re8 12. Nf3 Bg4 13. O-O Rad8 14.
Rc1 Rd7 15. h3 Bxf3 16. Qxf3 Qd6 17. Qf5 Nb4 18. a3 Nd5 19. Qxd5 Qxd5 20. Bxd5
Rxd5 21. Rxc7 Rb5 22. b4 Rb8 23. Rfc1 a5 24. Rc8+ Rxc8 25. Rxc8+ Kh7 26. Rc5
Rxc5 27. bxc5 Kg8 28. Kg2 1-0

[Event "Mechanics' Spring TNM; G/2"]
[Site "San Francisco"]
[Date "2017.03.21"]
[Round "2.5"]
[White "Clemens, Kristian"]
[Black "Vickers, Keith"]
[Result "1-0"]
[WhiteElo "1875"]
[BlackElo "2200"]
[PlyCount "111"]
[EventDate "2017.??.??"]

1. d4 f5 2. c4 Nf6 3. Nc3 e6 4. g3 d5 5. Bg2 c6 6. Nf3 Bd6 7. b3 O-O 8. O-O Qe7
9. Qc2 Nbd7 10. Bf4 Bxf4 11. gxf4 Ne4 12. Rad1 Kh8 13. e3 Qf7 14. Nxe4 fxe4 15.
Ng5 Qg6 16. f3 h6 17. Nh3 Nf6 18. Nf2 Bd7 19. fxe4 e5 20. dxe5 Nxe4 21. Nxe4
Bf5 22. Kh1 Bxe4 23. Bxe4 dxe4 24. Rg1 Qf5 25. Qg2 g5 26. Qg4 Rf7 27. Qxf5 Rxf5
28. Rd6 Kh7 29. e6 Re8 30. Rg4 gxf4 31. exf4 Rf6 32. Rd7+ Kh8 33. f5 Rxf5 34.
Rxe4 b5 35. cxb5 cxb5 36. Rxa7 Rf6 37. e7 Kg7 38. Re5 b4 39. Re4 Rb6 40. h3 Kf7
41. Kg2 Rg8+ 42. Kf3 Rf6+ 43. Rf4 Rxf4+ 44. Kxf4 Rg2 45. Kf3 Rh2 46. Kg3 Re2
47. h4 Rxe7 48. Rxe7+ Kxe7 49. Kf4 Kf6 50. h5 Ke6 51. Ke4 Kf6 52. Kd4 Kg5 53.
Kc4 Kxh5 54. Kxb4 Kg4 55. a4 h5 56. a5 1-0

[Event "Mechanics' Spring TNM; G/2"]
[Site "San Francisco"]
[Date "2017.04.25"]
[Round "7.19"]
[White "Clemens, Kristian"]
[Black "Warton, Philip"]
[Result "1-0"]
[WhiteElo "1875"]
[BlackElo "1799"]
[PlyCount "44"]
[EventDate "2017.??.??"]

1. d4 Nf6 2. c4 c5 3. e3 g6 4. Nf3 Bg7 5. Be2 O-O 6. O-O d6 7. Nc3 Nc6 8. b3
cxd4 9. exd4 d5 10. Bb2 Re8 11. Rc1 Bg4 12. cxd5 Nxd5 13. Nxd5 Qxd5 14. Rc5 Qd6
15. Bb5 Bxf3 16. Qxf3 Rec8 17. Rfc1 a6 18. Bxc6 Rxc6 19. Rxc6 bxc6 20. Qxc6 Qd8
21. Kf1 Rb8 22. Qc7 Bxd4 1-0

[Event "Mechanics' Summer TNM; G/2 d5"]
[Site "San Francisco"]
[Date "2017.05.30"]
[Round "2.3"]
[White "Clemens, Kristian"]
[Black "Winslow, Elliott C"]
[Result "0-1"]
[WhiteElo "1833"]
[BlackElo "2291"]
[Annotator "Winslow"]
[PlyCount "52"]
[EventDate "2017.??.??"]

1. e4 c5 2. d4 cxd4 3. c3 Nf6 4. e5 Nd5 5. Nf3 Nc6 (5... d6) (5... e6) 6. Bc4 (
6. cxd4 d6 (6... g6) 7. Bc4 dxe5 $5 8. Bxd5 Qxd5 9. Nc3 Qd6 10. d5 Nd4 $1 11.
Nxd4 exd4 12. Qxd4 e5 13. Qd3 (13. Qe4) (13. Qh4 $5) 13... Bd7) 6... Nb6 7. Bb3
d5 (7... d6 8. cxd4 (8. exd6) 8... dxe5 (8... d5) 9. d5 Na5 (9... Nd4 $6 10.
Nxd4 exd4 11. Qxd4) 10. Nc3) (7... g6 $5) 8. cxd4 $2 (8. exd6 Qxd6 (8... e6 9.
cxd4 Qxd6) 9. O-O (9. Na3 $5 dxc3 $5 (9... a6 10. O-O (10. cxd4) 10... e6 (
10... Bf5) 11. cxd4 (11. Nxd4 Nxd4 12. cxd4) 11... Be7 12. Be3 O-O 13. Ne5 {
is a dangerous line}) 10. Qe2 Bf5 11. Nb5 Qd7 12. Ne5 Nxe5 13. Qxe5 Rc8 $1 $15)
9... Be6 10. Bxe6 (10. Na3 $5 dxc3 $1 11. Bxe6 $5 (11. Qe2 Bxb3 12. Nb5 Qb8 13.
axb3 e5 (13... g6) (13... e6 $1)) (11. Nb5 Qxd1) 11... Qxd1 12. Rxd1 fxe6 13.
bxc3 h6 $5) 10... Qxe6 11. Nxd4 Nxd4 (11... Qd7 12. Be3 e6 $11) 12. Qxd4 (12.
cxd4 Rd8) 12... Rd8 (12... Qd7 $5) 13. Qh4 Qe2 $5 (13... h5 14. h3 Qc4 (14...
Qe2 $2 15. Be3 Qxb2 16. Nd2)) 14. Bd2 (14. Be3) (14. Nd2 e6 (14... g6) (14...
h5)) 14... h5 $1) 8... Bg4 9. Qd3 $6 (9. Be3 e6 10. Nbd2 Be7 11. O-O Rc8) 9...
e6 (9... Rc8 10. Bd2 Qd7 11. Bc2 e6 12. a3 Bf5 13. Qb3 Bxc2 14. Qxc2 Nxd4 15.
Nxd4 Rxc2 16. Nxc2 Nc4 17. Bc3 Qc7 18. f4 Nxb2 19. O-O Bc5+ 20. Kh1 Nd3 21. h3
Nf2+ 22. Kh2 Ne4 23. Bd4 Bxd4 24. Nxd4 Qb6 25. Rd1 Qb2 {
0-1 (25) Chierici, M-Sirisena,C (1943) Herceg Novi 2005}) (9... Bxf3 10. gxf3
e6 11. Nc3 a6 12. a3 Nc4 13. Ne2 b5 14. f4 f5 15. exf6 Qxf6 16. Bxc4 bxc4 17.
Qd1 Bd6 18. Qa4 Kd7 19. Be3 Rhb8 20. Qc2 g6 21. h4 Rb3 22. h5 Rab8 23. hxg6
hxg6 24. Rh7+ Be7 25. Bc1 Rd3 26. Qa4 Rh8 27. Rxh8 Qxh8 28. Ng3 Qxd4 29. Rb1
Rxg3 {0-1 (29) Jahn,C (1995)-Timme,K (2000) Eilenburg 1984}) 10. a3 Be7 11. Nc3
a6 12. Ne2 Na5 13. O-O Rc8 14. Bd2 Nxb3 (14... Bf5 15. Qe3 Nac4 (15... Nxb3 16.
Qxb3 Bc2 17. Qa2 Nc4 18. Bb4 Bd3 19. Rfe1 Be4) 16. Bxc4 Nxc4 17. Qb3 O-O 18.
Qxb7 $2 Rb8 19. Qxa6 Rxb2 $19) 15. Qxb3 Nc4 16. Rad1 $6 (16. Bc3 b5) 16... Qd7
(16... O-O 17. Qxb7 $4 Bxf3 18. gxf3 Rb8 19. Qxa6 Rxb2 $19) 17. Ng3 $6 O-O 18.
Rfe1 $2 f6 19. Bf4 $2 (19. Bc1 $17) 19... Rc6 (19... Bxf3 $142 20. gxf3 fxe5
21. Bxe5 Rc6 22. f4 Rb6 $19) (19... fxe5 20. Nxe5 $1 Bxd1 21. Qxd1 Nxe5 22.
Bxe5 $19) 20. Re2 $6 (20. exf6 Rxf6 21. Bg5 Bxf3 22. gxf3 Rf8) 20... fxe5 (
20... Rb6 21. Qc3 fxe5 22. Bxe5 Bxf3 23. gxf3 Rc8) 21. Bxe5 $2 (21. Nxe5 $1
Nxe5 22. Bxe5 Bxe2 23. Nxe2 Bg5 24. g3 $19) 21... Bxf3 22. gxf3 Rb6 23. Qc3 Rc8
24. Rc1 Rbc6 25. Qe1 (25. Bf4 $142 g5 $1) 25... Nxe5 26. Rxc6 Nxf3+ 0-1

[Event "Mechanics' Spring TNM; G/2"]
[Site "San Francisco"]
[Date "2017.04.25"]
[Round "7.37"]
[White "Cohee, James"]
[Black "Bayaraa, Bilguun"]
[Result "1-0"]
[WhiteElo "1651"]
[BlackElo "1180"]
[Annotator "Donaldson"]
[PlyCount "71"]
[EventDate "2017.??.??"]

1. g3 d5 2. Bg2 e6 3. Nf3 Nc6 4. O-O Nf6 5. c4 Bc5 (5... Bd6) 6. Qc2 (6. d4 Be7
7. Qc2) 6... O-O 7. Na3 (7. cxd5 Qxd5 8. Nc3 Qh5) 7... Qd6 (7... d4) 8. Nb5 Qe7
9. d3 a6 10. Na3 Rd8 (10... d4) 11. cxd5 exd5 12. Bg5 Bd6 (12... Ba7) 13. Qc3
Be5 (13... Ne5) 14. Nxe5 Nxe5 15. Rac1 c6 16. Nb1 h6 17. Be3 Qd6 18. Bc5 Qe6 (
18... Qc7) 19. Rfe1 Nfd7 20. Bd4 Re8 21. b3 Qd6 22. e4 b6 23. Bxe5 Rxe5 24. d4
Rg5 25. e5 Qg6 26. Qxc6 Qxc6 27. Rxc6 Bb7 28. Rc7 Bc8 29. Bxd5 Rb8 30. Nd2 Nf8
31. Bxf7+ Kh8 32. e6 Bb7 33. e7 Ng6 34. Rxb7 Rxb7 35. e8=Q+ Kh7 36. Qg8# 1-0

[Event "Mechanics' Fall TNM; G/2 d5"]
[Site "San Francisco"]
[Date "2017.11.07"]
[Round "3.20"]
[White "Cohee, James"]
[Black "Boldi, Ethan"]
[Result "0-1"]
[WhiteElo "1640"]
[BlackElo "1892"]
[Annotator "Winslow,E"]
[PlyCount "84"]
[EventDate "2017.??.??"]

1. e4 e6 2. d3 d5 3. Nd2 c5 4. g3 Nc6 5. Bg2 Nf6 6. Ngf3 Be7 7. O-O O-O 8. Re1
Qc7 9. c3 b6 10. Qe2 Ba6 11. h3 Rad8 12. e5 Nd7 13. Nf1 d4 14. c4 b5 15. b3 Nb6
16. Bf4 bxc4 17. bxc4 Na4 18. N3d2 $2 Nb4 (18... Nc3) 19. Ne4 Nc3 20. Qd2 Qd7
$6 (20... Bb7) 21. Nh2 $2 (21. a3 Nc6 22. Nxc3 dxc3 23. Qxc3) 21... Qa4 $6 (
21... Bb7) 22. Rec1 Ncxa2 $4 23. Rcb1 Qa5 {[#]} 24. Rb2 {does well materially,
but if you think about all those Black pieces tied up on the queenside you
might remember that this is the KINGs Indian ATTACK, and attack that king:} (
24. Rxb4 $6 {is worse than all these}) (24. Ng4 $1) ({or} 24. Nf6+ $1) ({or} 
24. Bh6 $1) 24... Qc7 25. Rbxa2 Nxa2 26. Qxa2 Bb7 27. Qe2 {Fortunately, (1)
the Black king is still there (2) White has more pieces (pawns don't count) (3)
the Pe5 v Pe6 keeps Black from bringing over defenders} Qb6 28. Qh5 Qb2 29. Rd1
(29. Re1 $1) 29... Qb3 {[#]} 30. Bf3 $2 $16 (30. Nd2 Qxd3 31. Bxb7 $18) 30...
g6 31. Qh6 Bxe4 32. dxe4 f5 33. Rd2 $2 {Equal! 0.00!!} ({
Stockfish 8 can't decide between exf and exf (!)} 33. exf6) (33. exf5) 33...
Qxc4 34. exf5 exf5 35. g4 $2 d3 {
Somebody has a clear advantage here and it's not White.} 36. Bg5 Bxg5 37. Qxg5
Qe6 38. gxf5 Qxf5 39. Qxf5 Rxf5 40. Be4 Rxe5 41. Bxd3 (41. Ng4 Re6) (41. Rxd3
Rxd3 42. Bxd3 Re1+ 43. Kg2 a5) 41... Kh8 $1 {easiest} 42. Re2 Rg5+ 0-1

[Event "Mechanics' Summer TNM; G/2 d5"]
[Site "San Francisco"]
[Date "2017.06.06"]
[Round "3.34"]
[White "Cohee, James"]
[Black "Capdeville, Barry"]
[Result "1-0"]
[WhiteElo "1651"]
[BlackElo "1177"]
[PlyCount "81"]
[EventDate "2017.??.??"]

1. e4 e5 2. Nf3 Nf6 3. d3 d6 4. g3 Bg4 5. Bg2 Be7 6. O-O O-O 7. c3 c5 8. Qb3
Qd7 9. Re1 h6 10. Nbd2 Be6 11. Qc2 Nc6 12. Nf1 Rac8 13. Ne3 d5 14. exd5 Nxd5
15. Nxd5 Bxd5 16. Nxe5 Nxe5 17. Rxe5 Bxg2 18. Kxg2 Qc6+ 19. Kg1 Qf6 20. Rd5
Rcd8 21. Qb3 b6 22. Be3 Rd6 23. Rxd6 Bxd6 24. d4 cxd4 25. Bxd4 Be5 26. Rd1 Rd8
27. Bxe5 Rxd1+ 28. Qxd1 Qxe5 29. Qd2 Qe6 30. b3 Kf8 31. Qd8+ Qe8 32. Qxe8+ Kxe8
33. Kf1 Kd7 34. Ke2 Kd6 35. Kd3 b5 36. Kd4 f6 37. c4 bxc4 38. bxc4 g6 39. h4 f5
40. f4 h5 41. c5+ 1-0

[Event "Mechanics' Peter Grey TNM; G/2 d5"]
[Site "San Francisco"]
[Date "2017.09.05"]
[Round "5.31"]
[White "Cohee, James"]
[Black "Capdeville, Barry"]
[Result "1-0"]
[WhiteElo "1604"]
[BlackElo "1264"]
[PlyCount "47"]
[EventDate "2017.??.??"]

1. e4 e6 2. d3 d5 3. Nd2 Nc6 4. Ngf3 Nf6 5. g3 Be7 6. Bg2 O-O 7. O-O e5 8. exd5
Nxd5 9. Re1 Bf6 10. Ne4 Bg4 11. h3 Bxf3 12. Bxf3 Be7 13. c3 f5 14. Nd2 Nf6 15.
Qb3+ Kh8 16. Bxc6 bxc6 17. Rxe5 Nd7 18. Re3 f4 19. gxf4 Rxf4 20. Ne4 Bh4 21.
Qe6 Nc5 22. Qxc6 Nxe4 23. Rxe4 Qg5+ 24. Kh1 1-0

[Event "Mechanics' Summer TNM; G/2 d5"]
[Site "San Francisco"]
[Date "2017.06.27"]
[Round "6.19"]
[White "Cohee, James"]
[Black "Davila, Carlos"]
[Result "0-1"]
[WhiteElo "1651"]
[BlackElo "2176"]
[PlyCount "104"]
[EventDate "2017.??.??"]

1. e4 c6 2. d3 d5 3. Nd2 e5 4. Ngf3 Bd6 5. g3 Nf6 6. Bg2 O-O 7. O-O Re8 8. h3
Nbd7 9. Re1 a5 10. a4 Qb6 11. Nf1 h6 12. b3 Nf8 13. Qe2 Ng6 14. Ba3 Bxa3 15.
Rxa3 d4 16. Raa1 Bd7 17. N1d2 Qc7 18. Rec1 b5 19. Kh2 h5 20. Rg1 c5 21. axb5
Bxb5 22. Nc4 a4 23. Qd2 Bxc4 24. bxc4 Qa5 25. Qxa5 Rxa5 26. Rgb1 a3 27. Rb5
Rea8 28. Nd2 Nd7 29. Bf3 h4 30. Bg4 Rxb5 31. cxb5 Nb6 32. Nc4 Nxc4 33. dxc4
hxg3+ 34. fxg3 Nf8 35. Kg2 f6 36. Kf2 Kf7 37. Be2 Nd7 38. Ke1 a2 39. Kd2 Nb6
40. Kc1 f5 41. Bd3 f4 42. gxf4 exf4 43. Kd2 Kf6 44. Be2 Ke5 45. Bd3 f3 46. Ke1
Ra3 47. Kf2 Kf4 48. h4 Nd7 49. h5 Nf6 50. e5 Kxe5 51. Kxf3 Nxh5 52. Ke2 Nf6 0-1

[Event "Mechanics' Spring TNM; G/2"]
[Site "San Francisco"]
[Date "2017.04.11"]
[Round "5.32"]
[White "Cohee, James"]
[Black "MacIntyre, Brendan"]
[Result "1/2-1/2"]
[WhiteElo "1651"]
[BlackElo "1502"]
[PlyCount "83"]
[EventDate "2017.??.??"]

1. e4 c5 2. d3 g6 3. Nf3 Bg7 4. g3 Nc6 5. Bg2 Nf6 6. O-O O-O 7. Nbd2 d5 8. Re1
dxe4 9. dxe4 Bg4 10. h3 Bxf3 11. Bxf3 Ne5 12. Bg2 Qb6 13. Qe2 Rad8 14. Nc4 Nxc4
15. Qxc4 Rd4 16. Qb3 Rb4 17. Qf3 Nd7 18. c3 Ne5 19. Qe2 Rb5 20. Bf1 c4 21. Rb1
Nd3 22. Rd1 Bxc3 23. Be3 Bd4 24. Bxd4 Qxd4 25. Qc2 Qxe4 26. Bxd3 cxd3 27. Qxd3
Qe5 28. Re1 Qc5 29. Qe4 e6 30. Red1 Qb6 31. b3 Rf5 32. Rb2 a5 33. Rbd2 Rc8 34.
g4 Rfc5 35. Rd7 Rc1 36. Qf3 Rxd1+ 37. Qxd1 Qc6 38. Qd4 b6 39. Rd6 Qc1+ 40. Kg2
Qa3 41. g5 Qxa2 42. Rd8+ 1/2-1/2

[Event "Mechanics' Peter Grey TNM; G/2 d5"]
[Site "San Francisco"]
[Date "2017.09.19"]
[Round "7.30"]
[White "Cohee, James"]
[Black "Marquez, Martin"]
[Result "1-0"]
[WhiteElo "1604"]
[BlackElo "1475"]
[PlyCount "73"]
[EventDate "2017.??.??"]

1. e4 d5 2. exd5 Qxd5 3. Nc3 Qa5 4. d4 Bf5 5. Bc4 e6 6. Nge2 Nc6 7. O-O Nb4 8.
Bb3 Nf6 9. Be3 Bd6 10. a3 Nbd5 11. Bd2 Qb6 12. Nxd5 exd5 13. Re1 O-O 14. Bf4
Bg4 15. f3 Bf5 16. Bxd6 Qxd6 17. Qd2 Bg6 18. Nf4 Bf5 19. Re5 Be6 20. Nxe6 fxe6
21. Rae1 Rae8 22. c3 Nd7 23. R5e3 Re7 24. Bc2 Rfe8 25. Qf2 Nb6 26. Qh4 g6 27.
b3 Qxa3 28. Qg5 Kg7 29. Re5 Nd7 30. R5e3 Qd6 31. f4 Nf6 32. Rh3 Nh5 33. Rxh5
Rf7 34. Rxh7+ Kxh7 35. Qxg6+ Kh8 36. Qxf7 Re7 37. Qf8# 1-0

[Event "Mechanics' Fall TNM; G/2 d5"]
[Site "San Francisco"]
[Date "2017.12.19"]
[Round "9.20"]
[White "Cohee, James"]
[Black "Poling, Scott E"]
[Result "0-1"]
[WhiteElo "1640"]
[BlackElo "1864"]
[PlyCount "84"]
[EventDate "2017.??.??"]

1. e4 c5 2. Nc3 a6 3. d3 b5 4. g3 Bb7 5. Bg2 e6 6. Be3 d5 7. exd5 exd5 8. d4 c4
9. Nh3 Nf6 10. O-O b4 11. Ne2 Be7 12. Re1 O-O 13. c3 a5 14. Qc2 Nbd7 15. Ng5 h6
16. Nf3 Ne4 17. Nd2 Nd6 18. Nf4 Nf6 19. Re2 Nb5 20. Rae1 a4 21. Nb1 b3 22. axb3
axb3 23. Qd1 g5 24. Nh3 Ne4 25. f3 Ned6 26. Bc1 Bf6 27. Nf2 Ra1 28. Na3 Nxa3
29. bxa3 Nb5 30. Qd2 Nxa3 31. Bxa3 Rxa3 32. Ng4 Bg7 33. Qe3 Bc8 34. Qe7 Qxe7
35. Rxe7 Bf5 36. Rb7 Ra2 37. Bh3 Bg6 38. Ne5 Bxe5 39. dxe5 b2 40. e6 Ra1 41.
exf7+ Rxf7 42. Kf2 Rxe1 0-1

[Event "Mechanics' Peter Grey TNM; G/2 d5"]
[Site "San Francisco"]
[Date "2017.10.03"]
[Round "9.14"]
[White "Cohee, James"]
[Black "Porlares, Teodoro"]
[Result "1/2-1/2"]
[WhiteElo "1604"]
[BlackElo "1861"]
[Annotator "Donaldson"]
[PlyCount "110"]
[EventDate "2017.??.??"]

1. e4 c6 2. d4 d5 3. e5 Bf5 4. Nf3 e6 5. Be2 c5 6. Be3 Nd7 7. Nbd2 Rc8 8. c3 c4
9. O-O h6 10. Qa4 Qb6 11. Rfc1 a6 12. b4 Ne7 13. Nh4 Bh7 14. g3 g5 15. Ng2 Nc6
16. Nxc4 $5 dxc4 17. d5 Qb5 18. Qxb5 axb5 19. dxc6 bxc6 $11 20. f4 gxf4 21.
gxf4 Rg8 22. Kf2 Be7 23. Rg1 Be4 24. Bf3 Bd3 25. a4 f6 26. axb5 cxb5 27. Ra6
fxe5 28. Rxe6 Bf5 29. Rxh6 Bf6 30. fxe5 Bxe5 31. Bd4 Bxd4+ 32. cxd4 c3 33. Rc1
c2 34. Bc6 Rxc6 35. Rxc6 Rxg2+ 36. Kxg2 Be4+ 37. Kg3 Bxc6 38. Rxc2 Bd5 39. Kf4
Bc4 40. Ke3 (40. h4 $1) 40... Nb6 41. Ke4 Na4 42. Ke5 Kd7 43. h4 Bf7 44. Rf2
Ke7 {Diagram [#]} 45. Rxf7+ $1 Kxf7 46. Kd6 (46. d5 $1) 46... Nc3 47. Kc6 Ke6
48. h5 Kf6 49. d5 Ne4 50. Kxb5 Nd6+ 51. Kc6 Nf7 52. b5 Ke7 53. h6 $4 (53. b6
$18) 53... Nxh6 54. b6 Nf7 55. b7 Nd8+ 1/2-1/2

[Event "Mechanics' Summer TNM; G/2 d5"]
[Site "San Francisco"]
[Date "2017.07.18"]
[Round "8.32"]
[White "Cohee, James"]
[Black "Revi, Frank"]
[Result "1-0"]
[WhiteElo "1651"]
[BlackElo "1354"]
[PlyCount "96"]
[EventDate "2017.??.??"]

1. e4 c5 2. Nc3 e6 3. Nf3 Nc6 4. g3 Qc7 5. Bg2 a6 6. O-O d6 7. Re1 Be7 8. d4
cxd4 9. Nxd4 Bf6 10. Nxc6 bxc6 11. Qf3 e5 12. Qd3 Ne7 13. Be3 Bg4 14. f3 Bh5
15. Rad1 Nc8 16. Kf2 O-O 17. Bh3 Rd8 18. Qc4 Nb6 19. Qb3 Rab8 20. Bxb6 Rxb6 21.
Qa3 Be7 22. b3 Rf8 23. Qc1 h6 24. Qd2 Rb4 25. Qe2 Bg5 26. Qxa6 Rb6 27. Qd3 Qa7
28. Kg2 Be7 29. a4 Bg6 30. Qc4 h5 31. Rd2 h4 32. g4 Kh8 33. Qe2 Qc7 34. Nd1 Bg5
35. Ne3 Bf4 36. Rd3 d5 37. Nf5 Qd8 38. Qf2 Bg5 39. exd5 cxd5 40. Rxe5 Re6 41.
Rexd5 Qe8 42. Qd4 Re2+ 43. Kg1 Bf6 44. Qb4 Kh7 45. Bf1 Rxh2 46. Kxh2 Bxf5 47.
Rxf5 Be5+ 48. Kh1 g6 1-0

[Event "Mechanics' Fall TNM; G/2 d5"]
[Site "San Francisco"]
[Date "2017.11.21"]
[Round "5.40"]
[White "Cohee, James"]
[Black "Revi, Frank"]
[Result "1-0"]
[WhiteElo "1640"]
[BlackElo "1232"]
[Annotator "Donaldson"]
[PlyCount "55"]
[EventDate "2017.??.??"]

1. e4 c5 2. Nc3 d6 3. Bc4 Nc6 4. d3 Nf6 5. Nge2 Bg4 6. f3 Bh5 7. O-O e6 8. a3
Be7 9. Nf4 Nd4 10. Nce2 Nxe2+ 11. Qxe2 Qc7 $2 (11... O-O) 12. Bb5+ Kd8 13. Bc4
a6 {Diagram [#]} 14. Bxe6 $1 Rf8 15. Nd5 Nxd5 16. Bxd5 f6 17. Bd2 Bf7 18. c4
Kd7 19. f4 h5 20. Bxf7 Rxf7 21. Qxh5 Rff8 22. Qf5+ Kd8 23. b4 cxb4 24. Be3 Qc6
25. axb4 Kc7 26. b5 Qe8 27. Rfc1 Rh8 28. c5 1-0

[Event "Mechanics' Peter Grey TNM; G/2 d5"]
[Site "San Francisco"]
[Date "2017.08.22"]
[Round "3.17"]
[White "Cohee, James"]
[Black "Traub, Igor"]
[Result "0-1"]
[WhiteElo "1604"]
[BlackElo "2163"]
[Annotator "Donaldson"]
[PlyCount "78"]
[EventDate "2017.??.??"]

1. e4 d5 2. exd5 Nf6 3. Nf3 Nxd5 4. d4 g6 5. Bc4 Bg7 6. c3 O-O 7. O-O h6 8.
Nbd2 Nc6 9. Re1 a6 10. a4 b6 11. Nf1 Be6 12. Bd3 Bg4 13. h3 Bc8 14. Ne3 Nf4 15.
Bf1 g5 16. Nc4 Ng6 17. Bd3 Rb8 18. Qe2 f5 19. Nfe5 Ncxe5 20. Nxe5 Nxe5 21. dxe5
f4 22. Be4 c5 23. Bc2 f3 24. Bb3+ Kh8 25. Qe3 fxg2 26. h4 Bb7 27. Bd1 gxh4 28.
Qh3 e6 29. f4 Qe7 30. Bg4 Rfe8 31. Be3 Rbd8 32. Bf2 c4 33. Re3 Qf8 34. Bf3 Bxf3
35. Rxf3 Rd2 36. Bxb6 Rb8 37. a5 Rxb6 38. axb6 Qc5+ 39. Re3 Re2 {Diagram [#]} (
39... Re2 {White's major mistake is resigning as} 40. b7 Rxe3 41. b8=Q+ Kh7 42.
Qxg2 Re2+ 43. Kf1 Rxg2 44. Kxg2 h3+ 45. Kxh3 Qe3+ $11 {is a draw.}) 0-1

[Event "Mechanics' Spring TNM; G/2"]
[Site "San Francisco"]
[Date "2017.03.28"]
[Round "3.19"]
[White "Cohee, James"]
[Black "Turner, Jesse"]
[Result "0-1"]
[WhiteElo "1651"]
[BlackElo "1904"]
[PlyCount "36"]
[EventDate "2017.??.??"]

1. Nf3 c5 2. e4 Nc6 3. Nc3 Nf6 4. g3 d6 5. Bg2 g6 6. O-O Bg7 7. d3 O-O 8. h3
Rb8 9. Be3 b5 10. a3 h6 11. Qd2 Kh7 12. Rab1 a5 13. Ne2 e5 14. c3 Be6 15. Nh4
Nh5 16. Kh2 b4 17. f4 exf4 18. Nxf4 Nxf4 0-1

[Event "Mechanics' Fall TNM; G/2 d5"]
[Site "San Francisco"]
[Date "2017.10.24"]
[Round "1.2"]
[White "Cohee, James"]
[Black "Winslow, Elliott C"]
[Result "0-1"]
[WhiteElo "1640"]
[BlackElo "2318"]
[PlyCount "120"]
[EventDate "2017.??.??"]

1. e4 c5 2. Nc3 Nc6 3. g3 g6 4. Bg2 Bg7 5. d3 d6 6. Nge2 e5 7. Nd5 Be6 8. Nec3
Qd7 9. O-O Nd4 10. Be3 Rc8 11. Qd2 Ne7 12. Nxe7 Qxe7 13. Nd5 Bxd5 14. exd5 O-O
15. c3 Nf5 16. Rae1 b5 17. f4 Nxe3 18. Qxe3 f5 19. fxe5 dxe5 20. Kh1 Qd6 21. c4
bxc4 22. dxc4 h5 23. Re2 e4 24. Qg5 Rb8 25. b3 Kh7 26. Qf4 Be5 27. Qg5 Kg7 28.
h4 Bf6 29. Qe3 Rb7 30. Bh3 Re7 31. Rg2 Bd4 32. Qg5 e3 33. Re2 Bf6 34. Qf4 Qxf4
35. Rxf4 a5 36. Rf1 Bd4 37. Bg2 Rb8 38. Rd1 Kf6 39. Rd3 Ke5 40. Bf3 Kd6 41. Kg2
a4 42. bxa4 Rb4 43. Rb3 Ra7 44. Rbxe3 Bxe3 45. Rxe3 Raxa4 46. Be2 Rxa2 47. Kf3
Rxe2 48. Rxe2 Rxc4 49. Re6+ Kxd5 50. Rxg6 Rg4 51. Rf6 Ke5 52. Rc6 c4 53. Rc8
Kd4 54. Rd8+ Kc5 55. Rc8+ Kb4 56. Rb8+ Ka3 57. Rb5 c3 58. Ke2 Rd4 59. Rxf5 c2
60. Rc5 Kb2 0-1

[Event "Mechanics' Fall TNM; G/2 d5"]
[Site "San Francisco"]
[Date "2017.12.05"]
[Round "7.24"]
[White "Cohee, James"]
[Black "Yanofsky, Kevin"]
[Result "0-1"]
[WhiteElo "1640"]
[BlackElo "1864"]
[PlyCount "90"]
[EventDate "2017.??.??"]

1. e4 c5 2. Nc3 g6 3. Nge2 Bg7 4. d3 Nc6 5. Nd5 e6 6. Ne3 Nge7 7. g3 Nd4 8. Bg2
O-O 9. O-O Rb8 10. c3 Nxe2+ 11. Qxe2 b5 12. Rb1 Bb7 13. Rd1 Nc6 14. Nc2 Qc7 15.
Bf4 e5 16. Be3 d6 17. Qd2 Bc8 18. Bh6 Bxh6 19. Qxh6 b4 20. Ne3 Be6 21. Nd5 Bxd5
22. exd5 Ne7 23. Qd2 Rb6 24. c4 Nf5 25. b3 Nd4 26. Rb2 Re8 27. Re1 Re7 28. Qg5
Rb7 29. Qf6 Qd7 30. Be4 a5 31. f3 Qd8 32. h4 Red7 33. Qxd8+ Rxd8 34. f4 exf4
35. gxf4 Re7 36. Rf1 f5 37. Bg2 Rde8 38. Rff2 Re3 39. Rbd2 Rg3 40. Kh2 Ree3 41.
Rd1 Rg4 42. Rdf1 Rxh4+ 43. Kg1 Ne2+ 44. Rxe2 Rxe2 45. Rf3 Rg4 0-1

[Event "Mechanics' Fall TNM; G/2 d5"]
[Site "San Francisco"]
[Date "2017.12.19"]
[Round "9.48"]
[White "Cowgill, Jackie"]
[Black "Badgett Jr, James"]
[Result "0-1"]
[WhiteElo "971"]
[BlackElo "974"]
[Annotator "Donaldson"]
[PlyCount "78"]
[EventDate "2017.??.??"]

1. e4 d5 2. exd5 Nf6 3. d4 Nxd5 4. Nf3 Nc6 5. c4 Ndb4 6. a3 Na6 7. Be2 (7. d5
$1) 7... e6 8. O-O Bd6 9. Bg5 (9. b4 $1) 9... f6 10. Be3 O-O 11. Nc3 b6 12. Qc2
(12. b4) 12... Qe8 13. Ne4 Be7 14. Ng3 (14. b4) 14... Bb7 15. Bd3 f5 16. Ne2
Nd8 17. b4 (17. d5 $1 exd5 18. cxd5 Nc5 (18... g6 19. b4) 19. Bxf5) 17... Bxf3
18. gxf3 Qg6+ 19. Kh1 Qh5 20. f4 Rf6 21. Ng3 Qf3+ 22. Kg1 Rg6 23. Qd2 (23. d5
$1) 23... Nf7 24. c5 Nb8 25. Qc1 Nh6 26. Be2 $2 (26. cxb6 cxb6 27. Qc8+ Bf8 28.
Rac1 $18) 26... Qxe2 27. cxb6 cxb6 $2 (27... axb6 28. Qxc7 Bf8 $19) 28. Qc7 (
28. Qc8+ Bf8 29. Qb7) 28... Qf3 (28... Bf8 29. Qb7) 29. Qxe7 Nc6 30. Rac1 $4 (
30. Qd7 $11) 30... Nxe7 31. Rc7 Nd5 32. Rcc1 Nxe3 33. fxe3 Qxe3+ 34. Kg2 Qd2+
35. Kf3 Qd3+ 36. Kf2 Ng4+ 37. Kg2 Ne3+ 38. Kh1 Nxf1 39. Nxf1 Qf3# 0-1

[Event "Mechanics' Fall TNM; G/2 d5"]
[Site "San Francisco"]
[Date "2017.12.12"]
[Round "8.54"]
[White "Cowgill, Jackie"]
[Black "Bayaraa, Timothy"]
[Result "0-1"]
[WhiteElo "971"]
[BlackElo "945"]
[Annotator "Donaldson"]
[PlyCount "42"]
[EventDate "2017.??.??"]

1. e4 e5 2. Nf3 Nc6 3. Bb5 a6 4. Ba4 b5 5. Bb3 Nf6 6. a3 $2 (6. Ng5 d5 7. exd5
Nd4) 6... Nxe4 7. d4 Qf6 8. c3 Be7 9. O-O d6 $2 {Diagram [#]} 10. Re1 (10. Bd5
$1) 10... Qg6 11. Bc2 $2 (11. Bd5 $1) 11... Bh3 $2 (11... Bf5) 12. g3 $2 (12.
Ng5 $1 Bxg5 13. Bxe4) (12. Nh4 Bxh4 13. Bxe4) 12... f5 13. dxe5 dxe5 14. Qd5
Rd8 15. Nxe5 Nxe5 (15... Rxd5 16. Nxg6 hxg6) 16. Qxe5 Qf7 17. Bf4 O-O 18. Bxe4
fxe4 19. Nd2 Rxd2 $1 20. Bxd2 Qxf2+ 21. Kh1 Qg2# 0-1

[Event "Mechanics' Peter Grey TNM; G/2 d5"]
[Site "San Francisco"]
[Date "2017.09.19"]
[Round "7.42"]
[White "Cowgill, Jackie"]
[Black "Capdeville, Barry"]
[Result "1-0"]
[WhiteElo "925"]
[BlackElo "1264"]
[PlyCount "97"]
[EventDate "2017.??.??"]

1. e4 e5 2. Nf3 Nf6 3. d4 Nxe4 4. dxe5 d5 5. Be3 Be7 6. Be2 O-O 7. O-O Be6 8.
Nc3 c5 9. Nxe4 dxe4 10. Nd2 Qc7 11. Nxe4 Qxe5 12. Bf3 Nc6 13. c3 Rad8 14. Qe2
Bf5 15. Ng3 Bd3 16. Qe1 Bxf1 17. Nxf1 Qc7 18. a3 Ne5 19. Be2 c4 20. h3 Nd3 21.
Bxd3 cxd3 22. Bd2 Bc5 23. b4 Bb6 24. a4 a6 25. Ne3 Rfe8 26. Qb1 Ba7 27. a5 Bb8
28. g3 Qc8 29. Kh2 f5 30. Ng2 Re2 31. Qb3+ Kh8 32. Be3 Qc6 33. Nf4 Bxf4 34.
gxf4 Rd6 35. Qf7 Rf6 36. Qe7 Qe6 37. Qd8+ Qg8 38. Qxd3 Rb2 39. c4 h6 40. Bd4
Qd8 41. Qe3 Rg6 42. Bxb2 b6 43. Rg1 Rxg1 44. Kxg1 Qd1+ 45. Kg2 Qd8 46. Qg3 Qe7
47. c5 Qe4+ 48. Qf3 bxc5 49. bxc5 1-0